000 01105cab a2200205 4500
001 ##L133336
008 060503n2006 000 0 eng u
035 _a(Sirsi) u133336
041 0 _aeng
100 1 _aFidderman, Howard
245 0 0 _aHealth and safety
_bthe state of play
260 _c2006
490 0 _aHealth and Safety Bulletin
_v348 May 2006, 6-20(15)
520 _aReviews all HSC/E activity and other important developments from November 2005 to April 2006. During this period a number of sets of regulations came into force, including the Control of Noise at Work Regulations 2005, whilst the HSE has confirmed that the new Construction (Design and Management) Regulations will not come into force until April 2007. The tables summarise the current health and safety situation in a number of areas, including asbestos, construction, legislation, and corporate social responsibility.
590 _aIKA090506
650 2 4 _aCONSTRUCTION (DESIGN AND MANAGEMENT) REGULATIONS 1994
650 2 4 _aCONTROL OF NOISE AT WORK REGULATIONS 2005
690 _aHealth and safety
_96244
942 _n0
999 _c76939
_d76939